Normal view
MARC view
Entry Personal Name
001 - CONTROL NUMBER
- control field: 852
003 - CONTROL NUMBER IDENTIFIER
- control field: dpl
005 - DATE AND TIME OF LATEST TRANSACTION
- control field: 20100723104627.0
008 - FIXED-LENGTH DATA ELEMENTS
- fixed length control field: 100723|||a|||||| | ||| d
040 ## - CATALOGING SOURCE
- Original cataloging agency: dpl
- Transcribing agency: dpl
100 ## - HEADING--PERSONAL NAME
- Personal name: Rao, Devineni jagan mohan
670 ## - SOURCE DATA FOUND
- Source citation: Work cat.: (dpl)37295: Rao, Devineni jagan mohan , Sensations in mathmatics"
670 ## - SOURCE DATA FOUND
- Source citation: Work cat.: (dpl)37295: Rao, Devineni jagan mohan , Sensations in mathmatics"
